000
00250nam a22001217a 4500
041
_a
ENG
100
_a
Livesley.M.C
245
_a
Field Drainage
260
_a
London
_b
E.& F.N.Spon
_c
1960
300
_a
187
650
_a
IDE ( 05 )
856
_u
IDE ( 05 )
999
_c
2804
_d
2804